Simulace budov a techniky prostředí 2016 : sborník 9. konference IBPSA-CZ. Brno, ČR, 10. a 11. 11. 2016
Uložené v:
| Korporativný autor: | |
|---|---|
| Ďalší autori: | , , |
| Médium: | Konferenčný príspevok.. Kniha |
| Jazyk: | Czech Slovak English |
| Vydavateľské údaje: |
Praha :
IBPSA-CZ,
2016
|
| Vydanie: | 1. vyd. |
| Tagy: |
Žiadne tagy, Buďte prvý, kto otaguje tento záznam!
|
MARC
| LEADER | 00000nam a22000003a 4500 | ||
|---|---|---|---|
| 001 | 0018971 | ||
| 003 | SK-STU | ||
| 005 | 20161124084123.7 | ||
| 007 | ta | ||
| 008 | 150130s ----xo-----e------100-0-----d | ||
| 020 | |a 978-80-270-0772-1 | ||
| 040 | |a STU |b slo | ||
| 041 | 0 | |a cze |a slo |a eng | |
| 044 | |a xr | ||
| 111 | 2 | |a Simulace budov a techniky prostředí 2016 |n 9. |d 10. - 11. 11. 2016 |c Brno, Česká republika | |
| 245 | 1 | 0 | |a Simulace budov a techniky prostředí 2016 : |b sborník 9. konference IBPSA-CZ. Brno, ČR, 10. a 11. 11. 2016 |
| 250 | |a 1. vyd. | ||
| 260 | |a Praha : |b IBPSA-CZ, |c 2016 | ||
| 300 | |a 154 s. | ||
| 700 | 1 | |a Barták, Martin |4 rev | |
| 700 | 1 | |a Drkal, František |4 rev | |
| 700 | 1 | |a Charvát, Pavel |4 rev | |
| 996 | |c V* 2405/sc-16 |l VV8 |s P |a 0 |w 0018971_0001 | ||